<?xml version="1.0" encoding="UTF-8"?>
<record
    xmlns:xsi="http://www.w3.org/2001/XMLSchema-instance"
    xsi:schemaLocation="http://www.loc.gov/MARC21/slim http://www.loc.gov/standards/marcxml/schema/MARC21slim.xsd"
    xmlns="http://www.loc.gov/MARC21/slim">

  <leader>02777nam a22002297a 4500</leader>
  <controlfield tag="005">20251208103652.0</controlfield>
  <controlfield tag="008">220822b           ||||| |||| 00| 0 eng d</controlfield>
  <datafield tag="020" ind1=" " ind2=" ">
    <subfield code="a">9789356220492</subfield>
  </datafield>
  <datafield tag="040" ind1=" " ind2=" ">
    <subfield code="c">AL</subfield>
  </datafield>
  <datafield tag="041" ind1=" " ind2=" ">
    <subfield code="a">English</subfield>
  </datafield>
  <datafield tag="082" ind1=" " ind2=" ">
    <subfield code="2">23</subfield>
    <subfield code="a">343.052</subfield>
    <subfield code="b">TAXI</subfield>
  </datafield>
  <datafield tag="100" ind1=" " ind2=" ">
    <subfield code="a">Taxmann</subfield>
    <subfield code="9">248199</subfield>
  </datafield>
  <datafield tag="245" ind1=" " ind2=" ">
    <subfield code="a">Taxmanns Income Tax Act</subfield>
    <subfield code="b">: as amended by finance act 2022</subfield>
  </datafield>
  <datafield tag="250" ind1=" " ind2=" ">
    <subfield code="a">67</subfield>
  </datafield>
  <datafield tag="260" ind1=" " ind2=" ">
    <subfield code="a">New Delhi</subfield>
    <subfield code="b">Taxmann Publications Pvt Ltd</subfield>
    <subfield code="c">2022</subfield>
  </datafield>
  <datafield tag="300" ind1=" " ind2=" ">
    <subfield code="a">1587p</subfield>
    <subfield code="b">PB</subfield>
    <subfield code="c">23x15cm</subfield>
  </datafield>
  <datafield tag="365" ind1=" " ind2=" ">
    <subfield code="a">3649</subfield>
    <subfield code="b">&#x20B9;1596.00</subfield>
    <subfield code="c">&#x20B9;</subfield>
    <subfield code="d">&#x20B9;1995.00</subfield>
    <subfield code="e">20%</subfield>
    <subfield code="f">18/08/2022</subfield>
  </datafield>
  <datafield tag="520" ind1=" " ind2=" ">
    <subfield code="a">This book covers the Amended, Updated &amp; Annotated text of the Income-tax Act, Finance Act 2022 &amp; Taxation Laws (Amendment) Act, 2021.
The recent changes in the Income-tax Act, 1961 are as follows:
[Insertion] of 10+ new sections
[Important New Sections] include:
Taxation of Virtual Digital Asset (VDA)
TDS u/s 194S on the transfer of VDAs
TDS u/s 194R on Benefits or Perquisites
Updated Returns
Tax relief for COVID related compensation received from employers &amp; well-wishers
[Amendments] in 70+ sections
[Important Amendments] include:
New provisions for Faceless Assessment &amp; Reassessment
Changes in surcharge rate on long-term capital gain, AOPs &amp; co-operative societies
Change in provisions relating to the taxation of charitable trust and institutions
Filing of application before AO to get the refund of tax deducted from the payment made to non-resident
Increase in the scope of reporting obligation cast on producers of cinematograph films
The Present Publication is the 67th Edition and amended by the Finance Act 2022 &amp; the Taxation Laws (Amendment) Act, 2021. This book is authored by Taxmann's Editorial Board, with the following noteworthy features:
[Coverage] of this book includes:
Division One &#x2013; Income-tax Act, 1961
Arrangement of Sections
Text of the Income-tax Act, 1961 as amended by the Finance Act, 2022 and Taxation Laws (Amendment) Act, 2021
Appendix: Text of provisions of Allied Acts/Circulars/Regulations referred to in Income-tax Act
Validation Provisions
Subject Index
Division Two &#x2013; Finance Act, 2022 and Taxation Laws (Amendment) Act, 2021
[Annotations] under each section shows:
Relevant Rules &amp; Forms
Relevant Circulars &amp; Notifications
Date of enforcement of provisions
Allied Laws referred to in the section
[Legislative History of Amendments] since 1961
Comprehensive Table of Contents
[Quick Navigation] Relevant section numbers are printed in folios for quick navigation
[Bestseller Series] Taxmann's series of bestseller books for more than five decades
[Zero Error] Follows the six-sigma approach to achieve the benchmark of 'Zero Error'</subfield>
  </datafield>
  <datafield tag="650" ind1=" " ind2=" ">
    <subfield code="a">Finance act 2022</subfield>
    <subfield code="9">55165</subfield>
  </datafield>
  <datafield tag="650" ind1=" " ind2=" ">
    <subfield code="a">Taxation laws act 2021</subfield>
    <subfield code="9">55166</subfield>
  </datafield>
  <datafield tag="942" ind1=" " ind2=" ">
    <subfield code="2">ddc</subfield>
    <subfield code="c">BK</subfield>
  </datafield>
  <datafield tag="999" ind1=" " ind2=" ">
    <subfield code="c">224459</subfield>
    <subfield code="d">224459</subfield>
  </datafield>
  <datafield tag="952" ind1=" " ind2=" ">
    <subfield code="0">0</subfield>
    <subfield code="1">0</subfield>
    <subfield code="2">ddc</subfield>
    <subfield code="4">0</subfield>
    <subfield code="7">0</subfield>
    <subfield code="8">COM</subfield>
    <subfield code="a">AL</subfield>
    <subfield code="b">AL</subfield>
    <subfield code="d">2022-08-22</subfield>
    <subfield code="e">Biblios Book Point</subfield>
    <subfield code="g">1596.00</subfield>
    <subfield code="l">1</subfield>
    <subfield code="o">343.052 TAXI</subfield>
    <subfield code="p">076008</subfield>
    <subfield code="r">2023-05-15 00:00:00</subfield>
    <subfield code="s">2022-08-25</subfield>
    <subfield code="v">1995.00</subfield>
    <subfield code="w">2022-08-22</subfield>
    <subfield code="y">BK</subfield>
  </datafield>
</record>
